000
00227 a2200097 4500
001
36535
100
_a
A/C Inmul Haq
245
_a
The improvement of libraries
260
_a
_b
Sang-e-Meel Publication
_c
090
_c
23616
_d
23616
942
_a
NUST-CAE
_c
M
_c
15132
999
_c
271608
_d
271608